<?xml version="1.0" encoding="UTF-8"?><?xml-stylesheet type="text/xsl" href="static/style.xsl"?><OAI-PMH xmlns="http://www.openarchives.org/OAI/2.0/" xmlns:xsi="http://www.w3.org/2001/XMLSchema-instance" xsi:schemaLocation="http://www.openarchives.org/OAI/2.0/ http://www.openarchives.org/OAI/2.0/OAI-PMH.xsd"><responseDate>2026-04-13T03:00:19Z</responseDate><request verb="GetRecord" identifier="oai:www.recercat.cat:10256/11095" metadataPrefix="marc">https://recercat.cat/oai/request</request><GetRecord><record><header><identifier>oai:recercat.cat:10256/11095</identifier><datestamp>2024-06-14T09:43:12Z</datestamp><setSpec>com_2072_452955</setSpec><setSpec>com_2072_2054</setSpec><setSpec>col_2072_453064</setSpec></header><metadata><record xmlns="http://www.loc.gov/MARC21/slim" xmlns:dcterms="http://purl.org/dc/terms/" xmlns:xsi="http://www.w3.org/2001/XMLSchema-instance" xmlns:doc="http://www.lyncode.com/xoai" xsi:schemaLocation="http://www.loc.gov/MARC21/slim http://www.loc.gov/standards/marcxml/schema/MARC21slim.xsd">
   <leader>00925njm 22002777a 4500</leader>
   <datafield ind2=" " ind1=" " tag="042">
      <subfield code="a">dc</subfield>
   </datafield>
   <datafield ind2=" " ind1=" " tag="720">
      <subfield code="a">Pujol Payet, Isabel</subfield>
      <subfield code="e">author</subfield>
   </datafield>
   <datafield ind2=" " ind1=" " tag="260">
      <subfield code="c">1998</subfield>
   </datafield>
   <datafield ind2=" " ind1=" " tag="520">
      <subfield code="a">Para adentrarse en el estudio del léxico de una lengua resulta imprescindible, como demuestran la gran cantidad y variedad de trabajos existentes, tener en consideración los supuestos de varias disciplinas lingüisticas entre las que destacan la morfologia,&#xd;
la semántica y la lexicografia. Y no es menos cierto que la complejidad a la hora de abordar el estudio del léxico ha conducido a plantear una y otra vez cuáles son las funciones de cada una de éstas, cómo se interrelacionan y, en consecuencia, dónde situar sus limites. El propósito de este trabajo se enmarca dentro de las lineas de investigación de un proyecto mayor cuyo principal objetivo es el estudio de los derivados de formas numerales. En esta ocasión, nos centraremos, en primer lugar, en el análisis de los términos&#xd;
que presentan una base relacionada con un numeral y el sufijo -illo/a, y seguidamente en los derivados de origen numeral con sufijo --ón/a, por tratarse de las formaciones más productivas por 1lo que respecta a los derivados numerales con sufijos propios de la derivación apreciativa o afectiva.' No es nuestra intención ahondar en los aspectos teóricos indispensables para explicar el proceso de formación de diminutivos, sino más bien estudiar la manera como la derivación incide en el léxico en relación con los numerales y cuándo surge esta derivación en la historia del español</subfield>
   </datafield>
   <datafield ind1="8" ind2=" " tag="024">
      <subfield code="a">http://hdl.handle.net/10256/11095</subfield>
   </datafield>
   <datafield tag="653" ind2=" " ind1=" ">
      <subfield code="a">Castellà -- Sufixos i prefixos</subfield>
   </datafield>
   <datafield tag="653" ind2=" " ind1=" ">
      <subfield code="a">Spanish language -- Suffixes and prefixes</subfield>
   </datafield>
   <datafield ind2="0" ind1="0" tag="245">
      <subfield code="a">Derivados numerales con sufijos apreciativos</subfield>
   </datafield>
</record></metadata></record></GetRecord></OAI-PMH>